[Event "Sodingen 2- Obehausen"]
[Site "?"]
[Date "2024.01.28"]
[Round "5.1"]
[White "Puetter, Pascal"]
[Black "Foerster, Wolfgang"]
[Result "1/2-1/2"]
[WhiteElo "1991"]
[BlackElo "1984"]
[Annotator "daniel"]
[PlyCount "54"]
[SourceDate "2024.01.23"]

1. e4 c5 2. Nf3 e6 3. d4 cxd4 4. Nxd4 Bc5 5. Be3 Qb6 6. c3 Nc6 $11 7. Nb5 Bxe3
8. fxe3 Qxe3+ 9. Be2 Kf8 10. Qd6+ Nge7 11. Nd2 a6 12. Nc4 Qg5 13. Nb6 Rb8 14.
Na7 Kg8 15. Rd1 h5 16. Rf1 Rh6 17. Naxc8 Nxc8 18. Nxc8 Rxc8 19. Qxd7 Rf8 20.
Qxb7 Ne5 21. g3 Ng4 22. Bxg4 hxg4 23. Rf2 Qe3+ 24. Kf1 Rf6 25. Rxf6 gxf6 26.
Rd7 Qf3+ 27. Kg1 Qe3+ 1/2-1/2

[Event "Sodingen 2- Obehausen"]
[Site "?"]
[Date "2024.01.28"]
[Round "5.2"]
[White "Ribbeheger, Edgar"]
[Black "Kyas, Jens"]
[Result "1-0"]
[WhiteElo "1971"]
[BlackElo "1873"]
[PlyCount "71"]
[SourceDate "2024.01.23"]

1. d4 Nf6 2. c4 e6 3. Nf3 c5 4. e3 cxd4 5. exd4 d5 6. Nc3 Nc6 7. Be2 dxc4 8.
Bxc4 Qc7 9. Qe2 a6 10. a3 Na5 11. Ba2 Bxa3 12. d5 Bb4 13. O-O O-O 14. dxe6 Bxe6
15. Bxe6 Rae8 16. Bxf7+ Rxf7 17. Qc2 Ne4 18. Qa4 Nc6 19. Nxe4 Rxe4 20. Ng5 Rd4
21. Qb3 Bd6 22. Qxf7+ Qxf7 23. Nxf7 Kxf7 24. Be3 Rh4 25. g3 Rh5 26. Rad1 Be7
27. Kg2 Rb5 28. Bc1 Bf6 29. Rd7+ Ke6 30. Rfd1 Ne5 31. R1d6+ Kf5 32. Rc7 b6 33.
h3 a5 34. f4 Ng6 35. g4+ Ke4 36. Rc4+ 1-0

[Event "Sodingen 2- Obehausen"]
[Site "?"]
[Date "2024.01.28"]
[Round "5.3"]
[White "Heintze, Sven"]
[Black "Reinholz, Benjamin"]
[Result "0-1"]
[WhiteElo "1824"]
[BlackElo "1981"]
[PlyCount "70"]
[SourceDate "2024.01.23"]

1. d4 f5 2. e4 fxe4 3. Nc3 Nf6 4. Bg5 g6 5. Bc4 c6 6. d5 Bg7 7. Nge2 d6 8. O-O
b5 9. Bb3 b4 10. Bxf6 exf6 11. Nxe4 c5 12. Nf4 Qb6 13. Re1 O-O 14. Ne6 Rf7 15.
Nxg7 Kxg7 16. h4 Nd7 17. Nd2 Ne5 18. Nc4 Qc7 19. a3 bxa3 20. Rxa3 Bd7 21. Re3
Re8 22. Qa1 Bb5 23. Nxe5 fxe5 24. c4 Bd7 25. Rxa7 Qd8 26. g3 Ref8 27. Ba4 Qf6
28. Re2 Qf3 29. Qf1 Bh3 30. Rxf7+ Rxf7 31. Qxh3 Qxe2 32. Qf1 Qxb2 33. Bc6 Ra7
34. Qd3 Ra1+ 35. Kg2 Qc1 0-1

[Event "Sodingen 2- Obehausen"]
[Site "?"]
[Date "2024.01.28"]
[Round "5.4"]
[White "Haberhausen, Ansgar"]
[Black "Kuckelkorn, Joerg"]
[Result "1-0"]
[WhiteElo "2006"]
[BlackElo "1813"]
[PlyCount "57"]
[SourceDate "2024.01.23"]

1. d4 f5 2. c4 Nf6 3. Nc3 d6 4. Nf3 g6 5. g3 Bg7 6. Bg2 O-O 7. O-O Nc6 8. Qc2
e5 9. dxe5 dxe5 10. Rd1 Bd7 11. Bg5 e4 12. Nd4 Qe8 13. Ndb5 Rc8 14. Bf4 Ne5 15.
Nxa7 Rd8 16. Nab5 Nxc4 17. Nxc7 Qf7 18. N7b5 Ne8 19. Rac1 Rc8 20. Qb3 Be6 21.
Qb4 h6 22. Nd4 g5 23. Nxe6 Qxe6 24. Nd5 gxf4 25. Rxc4 Rxc4 26. Qxc4 Kf7 27. Bh3
Nd6 28. Qc7+ Kg6 29. Nxf4+ 1-0

[Event "Sodingen 2- Obehausen"]
[Site "?"]
[Date "2024.01.28"]
[Round "5.5"]
[White "Hortolani, Holger"]
[Black "Cobanoglu, Ferhat"]
[Result "1-0"]
[WhiteElo "2027"]
[BlackElo "1951"]
[PlyCount "81"]
[SourceDate "2024.01.23"]

1. Nf3 Nf6 2. g3 b5 3. Bg2 Bb7 4. c3 e6 5. a4 a6 6. axb5 axb5 7. Rxa8 Bxa8 8.
Qb3 Bc6 9. O-O Na6 10. d4 Qb8 11. Bf4 Qb7 12. Nbd2 Bd5 13. c4 bxc4 14. Qxb7
Bxb7 15. Nxc4 Nd5 16. Ra1 d6 17. Bd2 Be7 18. Na5 Ba8 19. Nb3 Bb7 20. Ne1 Kd7
21. e4 Nb6 22. Na5 Ba8 23. Bf1 Nb8 24. Bb5+ c6 25. Bd3 Kc8 26. b4 h6 27. Nc2
Rf8 28. Ne3 N8d7 29. Rc1 c5 30. bxc5 dxc5 31. dxc5 Na4 32. c6 Ndc5 33. Bb5 Nxe4
34. c7 Nxd2 35. Ba6+ Kd7 36. c8=Q+ Rxc8 37. Bxc8+ Kd8 38. Bb7 Bb4 39. Nc6+ Kc7
40. Bxa8 Ba3 41. Ra1 1-0

[Event "Sodingen 2- Obehausen"]
[Site "?"]
[Date "2024.01.28"]
[Round "5.6"]
[White "Baumeister, Christoph"]
[Black "Matthes, Severin"]
[Result "1-0"]
[WhiteElo "1920"]
[BlackElo "1889"]
[PlyCount "97"]
[SourceDate "2024.01.23"]

1. e4 c5 2. Nf3 d6 3. d4 cxd4 4. Qxd4 a6 5. c4 Nc6 6. Qd2 Nf6 7. Nc3 g6 8. b3
Bg7 9. Bb2 Qa5 10. Rb1 O-O 11. Be2 Bg4 12. O-O Rac8 13. a3 Qd8 14. Qe3 e6 15.
Rfd1 Qe7 16. Rd2 Rfd8 17. Rbd1 Bxf3 18. Qxf3 Bh6 19. Rc2 Ne5 20. Qh3 Bg7 21.
Rcd2 Qc7 22. f4 Qb6+ 23. Kh1 Nc6 24. Na4 Qc7 25. Qe3 h5 26. h3 Kh7 27. Qf3 Rb8
28. b4 Na7 29. Rc1 Qc6 30. Nc3 Nc8 31. b5 Qb6 32. f5 g5 33. fxe6 fxe6 34. Na4
Qa5 35. Bc3 g4 36. Bxa5 gxf3 37. Bxd8 Bh6 38. gxf3 Bxd2 39. Rd1 Bg5 40. f4 Nxe4
41. fxg5 Ng3+ 42. Kg2 Nxe2 43. b6 Nf4+ 44. Kg3 e5 45. Bc7 Ra8 46. Bxd6 Nxd6 47.
Rxd6 Rc8 48. Rd7+ Kg6 49. Rc7 1-0

[Event "Sodingen 2- Obehausen"]
[Site "?"]
[Date "2024.01.28"]
[Round "5.7"]
[White "Boecker, Juergen"]
[Black "Winterkamp, Sascha"]
[Result "1/2-1/2"]
[WhiteElo "1796"]
[BlackElo "1925"]
[PlyCount "106"]
[SourceDate "2024.01.23"]

1. g4 g6 2. h4 d6 3. Bg2 Bg7 4. d4 Nc6 5. e3 e5 6. d5 Nce7 7. Nc3 Nf6 8. g5 Nd7
9. e4 f5 10. gxf6 Nxf6 11. Be3 h6 12. Qd2 Bg4 13. Nge2 a6 14. Ng3 Nc8 15. f3
Bh5 16. a4 Nb6 17. b3 Qe7 18. a5 Nbd7 19. b4 Kf7 20. Qf2 Rhg8 21. Qd2 Rh8 22.
Qf2 Kg8 23. Bh3 Kh7 24. Nxh5 Nxh5 25. Ne2 Rhf8 26. O-O-O Ndf6 27. Qg2 Ng8 28.
Be6 Qf6 29. Bxg8+ Rxg8 30. Rhg1 Bh8 31. Qg4 Raf8 32. Rdf1 c6 33. dxc6 bxc6 34.
Qd7+ Rf7 35. Qxc6 Rb8 36. c3 Qe6 37. Kb2 Nf4 38. Qxa6 Nxe2 39. Qxe2 d5 40. h5
g5 41. exd5 Qxd5 42. Qc2+ Kg8 43. Bb6 Rc8 44. Rd1 Qb5 45. Rd8+ Rxd8 46. Bxd8 e4
47. Qxe4 Qd7 48. Bxg5 hxg5 49. Rxg5+ Bg7 50. Rd5 Qc7 51. Rf5 Qd7 52. Rd5 Qc7
53. Rc5 Qd7 1/2-1/2

[Event "Sodingen 2- Obehausen"]
[Site "?"]
[Date "2024.01.28"]
[Round "5.8"]
[White "Lucke, Thomas"]
[Black "Hufnagel, Markus"]
[Result "1/2-1/2"]
[WhiteElo "1883"]
[BlackElo "1709"]
[PlyCount "32"]
[SourceDate "2024.01.23"]

1. d4 Nf6 2. Nf3 e6 3. g3 b6 4. Bg2 Bb7 5. O-O Be7 6. c4 c5 7. Nc3 cxd4 8. Nxd4
Bxg2 9. Kxg2 O-O 10. e4 d5 11. exd5 exd5 12. Nf5 dxc4 13. Qe2 Nc6 14. Rd1 Qc7
15. Qxc4 Bc5 16. Be3 Ne5 1/2-1/2

[Event "Gerthe - Oberhausen 2"]
[Site "?"]
[Date "2024.01.21"]
[Round "5.1"]
[White "Joergens, Markus"]
[Black "Quast, Marcel"]
[Result "1/2-1/2"]
[WhiteElo "2011"]
[BlackElo "2163"]
[PlyCount "89"]
[SourceDate "2024.01.23"]

1. d4 f5 2. g3 Nf6 3. Bg2 g6 4. Nf3 Bg7 5. b4 Nc6 6. c3 Ne4 7. Qb3 d5 8. Be3
O-O 9. Nbd2 Nxd2 10. Nxd2 Be6 11. a4 Bf7 12. f4 e6 13. h4 h5 14. a5 b6 15. Kf2
Qd7 16. Qa4 Rfb8 17. axb6 cxb6 18. Nf3 Be8 19. Qb3 a5 20. Ne5 Nxe5 21. dxe5 Qb5
22. Rhc1 axb4 23. Rxa8 Rxa8 24. c4 dxc4 25. Qxc4 Qxc4 26. Rxc4 Rb8 27. Rxb4 b5
28. Bc5 Rc8 29. Bd6 Bf8 30. Bxf8 Kxf8 31. Rb2 Ke7 32. e4 Rc3 33. exf5 gxf5 34.
Bf1 Rc5 35. Ke3 Rc3+ 36. Bd3 Ra3 37. Kd4 Kd8 38. Bxb5 Bxb5 39. Rxb5 Rxg3 40.
Kc5 Kc7 41. Ra5 Rc3+ 42. Kb5 Rb3+ 43. Kc5 Rc3+ 44. Kb5 Rb3+ 45. Kc5 1/2-1/2

[Event "Gerthe - Oberhausen 2"]
[Site "?"]
[Date "2024.01.21"]
[Round "5.2"]
[White "Brueggestraß, Volker"]
[Black "Seibert, Michael"]
[Result "1/2-1/2"]
[WhiteElo "2037"]
[BlackElo "1925"]
[PlyCount "59"]
[SourceDate "2024.01.23"]

1. e4 c5 2. c3 d5 3. exd5 Qxd5 4. d4 Nc6 5. Nf3 Bg4 6. Be2 cxd4 7. cxd4 e6 8.
O-O Bd6 9. h3 h5 10. Nc3 Qf5 11. d5 Bxf3 12. Bxf3 exd5 13. Bxd5 O-O-O 14. Qb3
Nge7 15. Bxf7 Kb8 16. Be3 Qe5 17. g3 Nd4 18. Bxd4 Qxd4 19. Rad1 Qb6 20. Qxb6
axb6 21. Rfe1 Nc6 22. Nb5 Be7 23. b3 h4 24. g4 Rxd1 25. Rxd1 Rf8 26. Bd5 Bc5
27. Rd2 Rd8 28. Rd1 Rf8 29. Rd2 Rd8 30. Rd1 1/2-1/2

[Event "Gerthe - Oberhausen 2"]
[Site "?"]
[Date "2024.01.21"]
[Round "5.3"]
[White "Stefaniak, Christian"]
[Black "Gottmann, Bernd"]
[Result "1/2-1/2"]
[WhiteElo "1904"]
[BlackElo "1970"]
[PlyCount "41"]
[SourceDate "2024.01.23"]

1. e4 g6 2. d4 Bg7 3. Nf3 d6 4. h3 Nf6 5. Nc3 O-O 6. Be2 c6 7. a4 Qc7 8. O-O
Nbd7 9. Be3 e5 10. dxe5 dxe5 11. Bc4 Re8 12. Ng5 Re7 13. Qe2 h6 14. Nf3 Nb6 15.
Bb3 Be6 16. Bxe6 Rxe6 17. a5 Nbd7 18. Qc4 Qb8 19. Rfd1 b6 20. axb6 axb6 21. Qe2
1/2-1/2

[Event "Gerthe - Oberhausen 2"]
[Site "?"]
[Date "2024.01.21"]
[Round "5.4"]
[White "Melmer, Felix"]
[Black "Gerst, Michael"]
[Result "1-0"]
[WhiteElo "1899"]
[BlackElo "1905"]
[PlyCount "39"]
[SourceDate "2024.01.23"]

1. f4 Nf6 2. Nf3 g6 3. d3 d5 4. g3 Bg7 5. Bg2 O-O 6. O-O b5 7. Ne5 Bb7 8. c4
bxc4 9. dxc4 c6 10. Qb3 Qc7 11. cxd5 cxd5 12. Be3 Nbd7 13. Rc1 Qb8 14. Bd4 e6
15. Nd2 Rc8 16. e3 Bf8 17. Qb5 Rc7 18. Nb3 Bd6 19. Rxc7 Qxc7 20. Rc1 1-0

[Event "Gerthe - Oberhausen 2"]
[Site "?"]
[Date "2024.01.21"]
[Round "5.5"]
[White "Kraus, Kilian"]
[Black "Kalle, Yannis"]
[Result "1-0"]
[WhiteElo "1909"]
[BlackElo "1808"]
[PlyCount "33"]
[SourceDate "2024.01.23"]

1. d4 Nf6 2. Nc3 e6 3. e4 Bb4 4. e5 Nd5 5. Qg4 Nxc3 6. Qxg7 Rf8 7. a3 Be7 8.
bxc3 c5 9. Nf3 Qa5 10. Bd2 f6 11. Be2 Nc6 12. O-O Rf7 13. Qh8+ Rf8 14. Qxh7
fxe5 15. Nxe5 cxd4 16. Nxc6 bxc6 17. Bh6 1-0

[Event "Gerthe - Oberhausen 2"]
[Site "?"]
[Date "2024.01.21"]
[Round "5.6"]
[White "Meise, Ulrich"]
[Black "Groß, Thomas"]
[Result "0-1"]
[WhiteElo "1789"]
[BlackElo "1903"]
[PlyCount "70"]
[SourceDate "2024.01.23"]

1. e4 c6 2. d4 d5 3. e5 c5 4. Nf3 Nc6 5. Bb5 Qa5+ 6. Nc3 Bg4 7. O-O e6 8. Be3
cxd4 9. Bxd4 Nge7 10. h3 Bxf3 11. Qxf3 Nf5 12. Rfd1 Be7 13. Nxd5 Nfxd4 14. Rxd4
exd5 15. Qxd5 Qc7 16. e6 O-O 17. Qd7 Rac8 18. Bxc6 bxc6 19. exf7+ Rxf7 20. Re1
Qxd7 21. Rxd7 Bc5 22. Rxf7 Kxf7 23. g4 Re8 24. Rxe8 Kxe8 25. Kg2 g5 26. Kf3 Ke7
27. c3 a5 28. a3 a4 29. Ke4 Bxf2 30. Kd3 Kd6 31. Kc4 Bc5 32. b4 axb3 33. Kxb3
Kd5 34. a4 Bd6 35. c4+ Kc5 0-1

[Event "Gerthe - Oberhausen 2"]
[Site "?"]
[Date "2024.01.21"]
[Round "5.7"]
[White "Kohl, Niclas"]
[Black "Loeffelbein, Klaus"]
[Result "1/2-1/2"]
[WhiteElo "1765"]
[BlackElo "1760"]
[PlyCount "92"]
[SourceDate "2024.01.23"]

1. e4 e6 2. d4 d5 3. Nd2 dxe4 4. Nxe4 Nd7 5. Be3 Ngf6 6. Bd3 b6 7. Qf3 Rb8 8.
Nh3 Bb7 9. O-O-O Be7 10. Nhg5 O-O 11. Qh3 h6 12. Nxf6+ Nxf6 13. Nf3 Qd5 14. Kb1
Qh5 15. Qxh5 Nxh5 16. Ne5 Rbd8 17. Rhg1 Nf6 18. g4 Nd5 19. Bc1 c5 20. f4 cxd4
21. g5 hxg5 22. fxg5 Bd6 23. Ng4 Bf4 24. Rde1 Bxc1 25. Kxc1 Nf4 26. Rg3 Nxd3+
27. cxd3 Rc8+ 28. Kd2 Rfd8 29. g6 f5 30. Ne5 Rd5 31. b4 Kf8 32. h4 a5 33. a3
axb4 34. axb4 Rb5 35. Nc4 Ke7 36. Rg5 Rf8 37. Rb1 Ra8 38. h5 Ra2+ 39. Rb2 Rxb2+
40. Nxb2 Kf8 41. Nc4 Rxb4 42. Kc2 Bd5 43. Ne5 Ra4 44. Nd7+ Kg8 45. h6 gxh6 46.
Nf6+ Kg7 1/2-1/2

[Event "Gerthe - Oberhausen 2"]
[Site "?"]
[Date "2024.01.21"]
[Round "5.8"]
[White "Boost, Juergen"]
[Black "Faber, Lennart"]
[Result "1/2-1/2"]
[WhiteElo "1797"]
[BlackElo "1847"]
[PlyCount "59"]
[SourceDate "2024.01.23"]

1. e4 c5 2. Nf3 d6 3. d4 cxd4 4. Nxd4 Nf6 5. Nc3 a6 6. Bc4 e5 7. Nf3 Be7 8. O-O
O-O 9. Bg5 Bg4 10. Bxf6 Bxf6 11. Nd5 Nd7 12. Ne3 Bxf3 13. Qxf3 Nb6 14. Bb3 Bg5
15. Rfd1 Bxe3 16. Qxe3 Qc7 17. Rd3 Qc6 18. Rc3 Qb5 19. Rd1 Rad8 20. Rc7 d5 21.
exd5 Nxd5 22. Bxd5 Rxd5 23. Rxd5 Qxd5 24. h3 g6 25. c4 Qd1+ 26. Kh2 Qa4 27.
Qxe5 Qxa2 28. Qc3 b5 29. cxb5 axb5 30. Rc5 1/2-1/2

[Event "FS Dortmund - Hervest Dortmund SK"]
[Site "?"]
[Date "2024.01.28"]
[Round "5.1"]
[White "Ahling, Michael"]
[Black "Khess, Igor"]
[Result "1-0"]
[WhiteElo "2128"]
[BlackElo "1978"]
[PlyCount "89"]
[EventDate "2024.??.??"]
[SourceDate "2024.01.23"]
[WhiteTeam "Hervest-Dorstener SK 195"]
[BlackTeam "Freier SPVER8 Dort"]

1. d4 Nf6 2. Nf3 b6 3. Bf4 Bb7 4. e3 e6 5. Nbd2 Be7 6. h3 O-O 7. Be2 d5 8. O-O
Nbd7 9. a4 a5 10. c3 Ne8 11. Qb1 Nd6 12. b4 Ba6 13. Bxa6 Rxa6 14. b5 Ra8 15. c4
Nxc4 16. Nxc4 dxc4 17. Rc1 Bd6 18. Bxd6 cxd6 19. Rxc4 Rc8 20. Qc2 Rxc4 21. Qxc4
d5 22. Qc6 Nb8 23. Qc2 Qd6 24. Rc1 f6 25. Qb2 Qd7 26. Qa3 Kf7 27. Qc3 Rd8 28.
Qd3 Rc8 29. Rxc8 Qxc8 30. Qxh7 Nd7 31. Qb1 Qc4 32. Qd1 e5 33. dxe5 Nc5 34. exf6
gxf6 35. Nd4 Nxa4 36. Qh5+ Ke7 37. Qh7+ Kd6 38. Nf5+ Ke6 39. g4 Qb4 40. Qg8+
Kd7 41. Qxd5+ Kc7 42. Qc6+ Kd8 43. Qxf6+ Kc7 44. Qc6+ Kd8 45. Nd4 1-0

[Event "FS Dortmund - Hervest Dortmund SK"]
[Site "?"]
[Date "2024.01.28"]
[Round "5.2"]
[White "Schulz, Oliver"]
[Black "Czubak, Michael"]
[Result "1/2-1/2"]
[WhiteElo "1955"]
[BlackElo "1869"]
[PlyCount "94"]
[EventDate "2024.??.??"]
[SourceDate "2024.01.23"]
[WhiteTeam "Freier SPVER8 Dort"]
[BlackTeam "Hervest-Dorstener SK 195"]

1. d4 Nf6 2. c4 e6 3. Nf3 d5 4. Bg5 c6 5. e3 Nbd7 6. Nc3 Qa5 7. cxd5 Nxd5 8.
Qc2 Bb4 9. Rc1 b6 10. Bd3 Ba6 11. O-O Bxd3 12. Qxd3 Nxc3 13. bxc3 Ba3 14. Rc2
O-O 15. Bf4 Be7 16. h3 Rac8 17. Nd2 Rfd8 18. Nc4 Qa6 19. Rd1 Nc5 20. Qe2 Ne4
21. f3 Nd6 22. Bxd6 Bxd6 23. Kf2 Be7 24. Rdc1 c5 25. Ne5 Qxe2+ 26. Kxe2 f6 27.
Nd3 Kf7 28. Nf2 Rd7 29. Ne4 Rc6 30. Nd2 Rdc7 31. Kd3 h5 32. Ne4 f5 33. Ng3 h4
34. Ne2 g5 35. Kd2 Bf6 36. Kd1 Rd7 37. Rd2 Rcd6 38. Rcc2 cxd4 39. cxd4 e5 40.
dxe5 Bxe5 41. Nc1 Ke6 42. Rxd6+ Rxd6+ 43. Ke2 f4 44. e4 Bd4 45. Nd3 Be3 46. Nb4
a5 47. Nd5 Bc5 {(=)} 1/2-1/2

[Event "FS Dortmund - Hervest Dortmund SK"]
[Site "?"]
[Date "2024.01.28"]
[Round "5.3"]
[White "Tig, Achmet"]
[Black "Brendemühl, Bernd"]
[Result "1-0"]
[WhiteElo "1945"]
[BlackElo "1977"]
[PlyCount "117"]
[EventDate "2024.??.??"]
[SourceDate "2024.01.23"]
[WhiteTeam "Hervest-Dorstener SK 195"]
[BlackTeam "Freier SPVER8 Dort"]

1. d4 f5 2. Nf3 Nf6 3. c4 e6 4. g3 d5 5. Bg2 c6 6. Nbd2 Bd6 7. O-O Nbd7 8. Qc2
O-O 9. Ne1 f4 10. Nd3 fxg3 11. hxg3 Qe8 12. e4 dxe4 13. Nxe4 Nxe4 14. Bxe4 Nf6
15. Bf3 Qg6 16. Qe2 Qf5 17. Bg2 h5 18. Bf4 Bxf4 19. Nxf4 g5 20. Nxh5 Rf7 21.
Nxf6+ Qxf6 22. Rad1 Qh6 23. Be4 Qh3 24. Rd3 Bd7 25. Bg6 Rg7 26. Qh5 Qxh5 27.
Bxh5 Rf8 28. Re1 Rf6 29. Bg4 Rgf7 30. Rd2 a6 31. Re5 Rg7 32. Rde2 Kf7 33. d5
cxd5 34. cxd5 Bb5 35. dxe6+ Ke7 36. Rd2 Rh6 37. Rd7+ Kf6 38. Rxg7 Kxg7 39.
Rxg5+ Kf8 40. Rh5 Rxh5 41. Bxh5 Bc4 42. Bg4 Bxa2 43. f4 Ke7 44. Kf2 a5 45. Ke3
b5 46. Kd4 Kd6 47. f5 b4 48. f6 Bxe6 49. Bxe6 Kxe6 50. Kc4 Kxf6 51. Kb5 Kg5 52.
Kxa5 b3 53. Kb4 Kg4 54. Kxb3 Kxg3 55. Kc4 Kf4 56. b4 Ke5 57. Kc5 Ke6 58. Kc6
Ke7 59. Kc7 1-0

[Event "FS Dortmund - Hervest Dortmund SK"]
[Site "?"]
[Date "2024.01.28"]
[Round "5.4"]
[White "Mewes, Karsten"]
[Black "Heinrichs, Maximilian"]
[Result "1/2-1/2"]
[WhiteElo "1936"]
[BlackElo "1823"]
[PlyCount "63"]
[EventDate "2024.??.??"]
[SourceDate "2024.01.23"]
[WhiteTeam "Freier SPVER8 Dort"]
[BlackTeam "Hervest-Dorstener SK 195"]

1. Nf3 d5 2. c4 e6 3. g3 Nf6 4. b3 b6 5. Bg2 Bb7 6. Bb2 c5 7. e3 Be7 8. O-O O-O
9. d3 Nc6 10. Nc3 Qd7 11. Qe2 d4 12. exd4 Nxd4 13. Nxd4 Bxg2 14. Kxg2 cxd4 15.
Nb5 Bc5 16. Qf3 Rad8 17. Na3 Rfe8 18. Nc2 e5 19. b4 Qa4 20. bxc5 Qxc2 21. Bc1
bxc5 22. Bg5 Rd6 23. Rfc1 Qa4 24. Re1 Qc6 25. Qxc6 Rxc6 26. Bxf6 gxf6 27. Rab1
Ra6 28. Re2 Ra3 29. Rd2 Re6 30. Rb5 Rc6 31. g4 Kg7 32. Kf3 {(=)} 1/2-1/2

[Event "FS Dortmund - Hervest Dortmund SK"]
[Site "?"]
[Date "2024.01.28"]
[Round "5.5"]
[White "Nashir, Ramin"]
[Black "Grube, JÃ¶rg"]
[Result "1-0"]
[WhiteElo "1822"]
[BlackElo "1835"]
[PlyCount "69"]
[EventDate "2024.??.??"]
[SourceDate "2024.01.23"]
[WhiteTeam "Hervest-Dorstener SK 195"]
[BlackTeam "Freier SPVER8 Dort"]

1. Nf3 Nf6 2. g3 d5 3. Bg2 e6 4. O-O c5 5. d4 b6 6. c4 Bb7 7. Nc3 Be7 8. Bf4
O-O 9. Ne5 cxd4 10. Qxd4 Bc5 11. Qd2 Bb4 12. Rfd1 Qc8 13. cxd5 Bxc3 14. bxc3
Bxd5 15. Bxd5 Nxd5 16. c4 Nxf4 17. Qxf4 Nc6 18. Nd3 Qb7 19. c5 Rac8 20. Rd2 Ne7
21. cxb6 Qxb6 22. Rb2 Nd5 23. Rxb6 Nxf4 24. Rb7 Nxe2+ 25. Kf1 Nd4 26. Rxa7 h6
27. a4 Ra8 28. Rxa8 Rxa8 29. Nb4 Rb8 30. Na6 Ra8 31. Nc5 Ra5 32. Nb7 Ra7 33.
Nd6 Kf8 34. Nc4 Nb3 35. Ra3 {(ZÃo)} 1-0

[Event "FS Dortmund - Hervest Dortmund SK"]
[Site "?"]
[Date "2024.01.28"]
[Round "5.6"]
[White "Schläger, Reiner"]
[Black "Vengels, Joachim"]
[Result "0-1"]
[WhiteElo "1596"]
[BlackElo "1976"]
[PlyCount "64"]
[EventDate "2024.??.??"]
[SourceDate "2024.01.23"]
[WhiteTeam "Freier SPVER8 Dort"]
[BlackTeam "Hervest-Dorstener SK 195"]

1. e4 c6 2. d4 d5 3. e5 Bf5 4. Bd3 Bxd3 5. Qxd3 e6 6. Nf3 a6 7. O-O c5 8. c3
Qb6 9. b3 Nc6 10. Bb2 h5 11. Ng5 Nh6 12. Nd2 cxd4 13. cxd4 Nf5 14. Ndf3 Be7 15.
Rfd1 g6 16. Rac1 Kf8 17. h4 Kg7 18. g3 Rac8 19. Ne1 Nb4 20. Qb1 Rxc1 21. Qxc1
Nxa2 22. Qc2 Nb4 23. Qb1 Rc8 24. Nef3 Nc6 25. Qd3 Na5 26. Nd2 Bb4 27. Kg2 Rc6
28. Qf3 Rc2 29. Ba1 Rxd2 30. Rc1 Nc6 31. g4 hxg4 32. Qxg4 Ne3+ 0-1

[Event "FS Dortmund - Hervest Dortmund SK"]
[Site "?"]
[Date "2024.01.28"]
[Round "5.7"]
[White "Nowok, Frank"]
[Black "Schulz-Runge, Michael"]
[Result "1/2-1/2"]
[WhiteElo "1847"]
[BlackElo "1737"]
[PlyCount "86"]
[EventDate "2024.??.??"]
[SourceDate "2024.01.23"]
[WhiteTeam "Hervest-Dorstener SK 195"]
[BlackTeam "Freier SPVER8 Dort"]

1. c4 c6 2. g3 d5 3. Bg2 Nf6 4. Nf3 e6 5. O-O Be7 6. d4 O-O 7. Nc3 Nbd7 8. b3
Qa5 9. Qc2 Bb4 10. Bb2 Ba3 11. Rfe1 Bxb2 12. Qxb2 Qb4 13. a3 Qb6 14. c5 Qc7 15.
b4 b6 16. e4 bxc5 17. dxc5 Rb8 18. Qe2 a5 19. Rab1 axb4 20. axb4 Re8 21. e5 Nh5
22. h4 g6 23. Nd4 Ng7 24. Bf1 Bb7 25. Qe3 Nf5 26. Nxf5 exf5 27. f4 Nf6 28. Qd4
Ne4 29. Nxe4 fxe4 30. Re3 Ra8 31. h5 g5 32. h6 Re6 33. Reb3 gxf4 34. gxf4 Rg6+
35. Kf2 Ra2+ 36. R1b2 Rxb2+ 37. Qxb2 Qe7 38. Rh3 Qe6 39. Qa1 Qg4 40. Qa7 Qxf4+
41. Ke1 Qc1+ 42. Ke2 Qc2+ 43. Ke1 Qc1+ {(=)} 1/2-1/2

[Event "FS Dortmund - Hervest Dortmund SK"]
[Site "?"]
[Date "2024.01.28"]
[Round "5.8"]
[White "Surmann, Christoph"]
[Black "Hater, Norbert"]
[Result "1-0"]
[WhiteElo "1826"]
[BlackElo "1828"]
[PlyCount "103"]
[EventDate "2024.??.??"]
[SourceDate "2024.01.23"]
[WhiteTeam "Freier SPVER8 Dort"]
[BlackTeam "Hervest-Dorstener SK 195"]

1. d4 g6 2. c4 Bg7 3. Nc3 d6 4. e4 Nc6 5. Be3 e5 6. d5 Nce7 7. g4 Nf6 8. f3 h5
9. g5 Nd7 10. h4 O-O 11. Bd3 a5 12. Na4 b6 13. a3 Nc5 14. Ne2 Bd7 15. Bc2 Kh7
16. Nac3 Ng8 17. b4 axb4 18. axb4 Rxa1 19. Qxa1 Nb7 20. Nb5 f6 21. Kd2 fxg5 22.
Bxg5 Bh6 23. f4 Bxg5 24. fxg5 Bxb5 25. cxb5 Qd7 26. Bd3 Rf7 27. Rf1 Kg7 28.
Rxf7+ Qxf7 29. Qa8 Nc5 30. bxc5 dxc5 31. Qd8 Qe7 32. Qxe7+ Nxe7 33. Ng3 Nc8 34.
Nf1 Nd6 35. Ne3 Kf7 36. Nc4 Nxc4+ 37. Bxc4 Ke7 38. Bf1 Kd6 39. Kc3 Ke7 40. Kc4
Kd6 41. Bh3 Ke7 42. Be6 Kf8 43. d6 cxd6 44. Kd5 Ke7 45. Bc8 Kd8 46. Bh3 Ke7 47.
Kc6 c4 48. Bf1 c3 49. Bd3 Ke6 50. Bc4+ Ke7 51. Bb3 d5 52. Kxd5 1-0

[Event "Eichlinghofen- Brackel 3"]
[Site "?"]
[Date "2024.01.28"]
[Round "5.1"]
[White "Tkachuk, Sergiy"]
[Black "Scholz, Christian"]
[Result "1/2-1/2"]
[WhiteElo "2197"]
[BlackElo "2260"]
[PlyCount "73"]
[SourceDate "2024.01.23"]

1. e4 c5 2. Nf3 d6 3. d4 cxd4 4. Nxd4 Nf6 5. Nc3 a6 6. Bc4 e6 7. Bb3 b5 8. f3
Be7 9. Be3 O-O 10. Qd2 Bd7 11. g4 Nc6 12. g5 Nxd4 13. Bxd4 Nh5 14. Be3 b4 15.
Ne2 a5 16. Ng3 g6 17. Nxh5 gxh5 18. Bc4 Qc7 19. b3 Bc6 20. O-O d5 21. exd5 Bxd5
22. Bd3 Bc5 23. Bxc5 Qxc5+ 24. Qf2 Rac8 25. Qxc5 Rxc5 26. a3 Bc6 27. h4 Rd8 28.
axb4 axb4 29. Kf2 Kg7 30. Ra7 Bb5 31. Ra5 Rdd5 32. Rxb5 Rxb5 33. Bxb5 Rxb5 34.
Re1 Rc5 35. Re4 Rxc2+ 36. Kg3 h6 37. gxh6+ 1/2-1/2

[Event "Eichlinghofen- Brackel 3"]
[Site "?"]
[Date "2024.01.28"]
[Round "5.2"]
[White "Watzlawek, Markus"]
[Black "Bree, Thomas"]
[Result "1-0"]
[WhiteElo "2015"]
[BlackElo "2055"]
[PlyCount "45"]
[SourceDate "2024.01.23"]

1. d4 Nf6 2. c4 c5 3. d5 b5 4. cxb5 a6 5. e3 Bb7 6. Nc3 Qa5 7. Bd2 axb5 8. Bxb5
Qb6 9. Nf3 Nxd5 10. a4 Nb4 11. e4 e6 12. Bf4 N8c6 13. O-O f6 14. Re1 e5 15. Nd5
Nxd5 16. exd5 Ne7 17. Bxe5 fxe5 18. Nxe5 Qf6 19. Nxd7 Qg5 20. Nxc5+ Kf7 21.
Nxb7 Nf5 22. d6 Nh4 23. Bc4+ 1-0

[Event "Eichlinghofen- Brackel 3"]
[Site "?"]
[Date "2024.01.28"]
[Round "5.3"]
[White "Althoff, Ralph"]
[Black "Brockmann, Michael"]
[Result "1-0"]
[WhiteElo "2024"]
[BlackElo "2045"]
[PlyCount "45"]
[SourceDate "2024.01.23"]

1. d4 d5 2. Bf4 e6 3. e3 Bd6 4. Nd2 Bxf4 5. exf4 c5 6. dxc5 Nf6 7. Nb3 Qc7 8.
Qd4 O-O 9. Qe5 Qc6 10. Nf3 a6 11. Bd3 Nbd7 12. Qd4 b6 13. cxb6 a5 14. Ne5 Qd6
15. Nc4 Qb8 16. Ncxa5 e5 17. fxe5 Nxe5 18. O-O-O Be6 19. b7 Nxd3+ 20. Rxd3 Ra6
21. Re1 Qxh2 22. Rg3 Nh5 23. Qe5 1-0

[Event "Eichlinghofen- Brackel 3"]
[Site "?"]
[Date "2024.01.28"]
[Round "5.4"]
[White "Schuette, Tobias"]
[Black "Tomasjan, Samuel"]
[Result "1/2-1/2"]
[WhiteElo "1988"]
[BlackElo "1992"]
[PlyCount "91"]
[SourceDate "2024.01.23"]

1. g3 d5 2. Nf3 Nf6 3. Bg2 e6 4. O-O Be7 5. d3 O-O 6. Re1 c5 7. Nbd2 Nc6 8. e4
Qc7 9. c3 dxe4 10. dxe4 e5 11. Nf1 Rd8 12. Qc2 h6 13. Ne3 Be6 14. Nh4 c4 15. h3
Nd7 16. Nd5 Qc8 17. Be3 Nc5 18. Bxc5 Bxc5 19. Kh2 Ne7 20. Rad1 Qc6 21. Nxe7+
Bxe7 22. Nf5 Bc5 23. Rxd8+ Rxd8 24. Ne3 Bxe3 25. Rxe3 Rd6 26. f4 Qc5 27. Rf3 f6
28. Qf2 Qxf2 29. Rxf2 b5 30. a3 Rd3 31. f5 Bd7 32. Bf1 Rd1 33. Kg2 Bc6 34. Re2
Kf7 35. Kf2 Ke7 36. Bg2 Kd6 37. Re1 Rd3 38. Re3 Rd2+ 39. Re2 Rd1 40. Re1 Rxe1
41. Kxe1 a5 42. Kd2 Kc5 43. Ke3 b4 44. axb4+ axb4 45. Bf3 bxc3 46. bxc3 1/2-1/2